| 000 | 00540nam a2200193Ia 4500 | ||
|---|---|---|---|
| 999 |
_c34608 _d34608 |
||
| 003 | OSt | ||
| 005 | 20200824113851.0 | ||
| 008 | 190216s9999||||xx |||||||||||||| ||und|| | ||
| 020 | _a9781107641341 | ||
| 040 | _coclc | ||
| 082 |
_a530.41 _bZIM/P |
||
| 100 |
_aZiman, J M _94306 |
||
| 245 | 0 |
_aPrinciples Of The Theory Of The Solids / _cJ M Ziman |
|
| 250 | _a2nd Ed. | ||
| 260 |
_bCambridge Uty Press, _c2011. _aNew York: |
||
| 300 | _a435p | ||
| 650 | _aPhysics | ||
| 942 |
_cBK _2ddc _h530.41 _iZIM/P _k530.41 _mZIM/P |
||